000 00297nam a2200121 a 4500
008 090930s1980|||| d
100 1 _aArseniev, V.K.
245 1 0 _aDersu Uzala
260 _bMladé letá
_aBratislava
_c1980
041 _aslo
044 _axo
_cSK
520 _aLit. pre deti nad 11 rokov
999 _c222
_d222